[Event "Karposh Open 2015"]
[Site "Skopje MKD"]
[Date "2015.04.03"]
[Round "9.2"]
[White "Fier, Alexandr"]
[Black "Georgiev, Kiril"]
[Result "1/2-1/2"]
[WhiteElo "2601"]
[BlackElo "2623"]
[PlyCount "77"]
[EventDate "2015.03.27"]
[EventType "swiss"]
[EventRounds "9"]
[EventCountry "MKD"]
[Source "lmi"]
[SourceDate "2015.03.27"]

1. d4 Nf6 2. c4 e6 3. Nc3 Bb4 4. e3 O-O 5. Nge2 d5 6. a3 Bd6 7. Ng3 c6 8. Be2
Nbd7 9. O-O dxc4 10. Bxc4 e5 11. Ba2 Nb6 12. dxe5 Bxe5 13. Qc2 Qe7 14. Nce2 Re8
15. e4 Bc7 16. Bb1 Nbd7 17. Bd2 Qc5 18. Bc3 Be5 19. Kh1 Ng4 20. Bxe5 Qxc2 21.
Bxc2 Ndxe5 22. h3 Nf6 23. b3 b6 24. f4 Ng6 25. e5 Nd5 26. Be4 Ba6 27. Bxd5 cxd5
28. Rf2 Bxe2 29. Nxe2 Rac8 30. Ra2 Rc5 31. Rd2 Ne7 32. Rf3 g6 33. Rfd3 Rec8 34.
g4 a6 35. Kg2 Kf8 36. Nd4 Rc1 37. f5 gxf5 38. gxf5 Re1 39. Nf3 1/2-1/2

[Event "Karposh Open 2015"]
[Site "Skopje MKD"]
[Date "2015.04.03"]
[Round "9.3"]
[White "Markus, Robert"]
[Black "Damljanovic, Branko"]
[Result "1/2-1/2"]
[WhiteElo "2615"]
[BlackElo "2562"]
[PlyCount "21"]
[EventDate "2015.03.27"]
[EventType "swiss"]
[EventRounds "9"]
[EventCountry "MKD"]
[Source "lmi"]
[SourceDate "2015.03.27"]

1. d4 Nf6 2. c4 e6 3. Nf3 d5 4. g3 Bb4+ 5. Bd2 Be7 6. Bg2 O-O 7. O-O c6 8. Qc2
Nbd7 9. Rd1 b6 10. Bg5 Bb7 11. Nbd2 1/2-1/2

[Event "Karposh Open 2015"]
[Site "Skopje MKD"]
[Date "2015.04.03"]
[Round "9.4"]
[White "Perunovic, Milos"]
[Black "Antic, Dejan"]
[Result "1-0"]
[WhiteElo "2632"]
[BlackElo "2457"]
[PlyCount "53"]
[EventDate "2015.03.27"]
[EventType "swiss"]
[EventRounds "9"]
[EventCountry "MKD"]
[Source "lmi"]
[SourceDate "2015.03.27"]

1. e4 e6 2. d4 d5 3. Nc3 Nf6 4. e5 Nfd7 5. f4 c5 6. Nf3 Be7 7. Be3 b6 8. h4 Nc6
9. h5 O-O 10. Qd2 f6 11. h6 g6 12. dxc5 Nxc5 13. Bb5 Bb7 14. exf6 Bxf6 15. Bxc6
Bxc6 16. Bd4 Ne4 17. Qe3 Rc8 18. O-O-O Qc7 19. Bxf6 Rxf6 20. Nxe4 dxe4 21. Ne5
Bd5 22. c3 b5 23. Kb1 Rcf8 24. g3 Rf5 25. Qd4 Rd8 26. b3 Rff8 27. Nxg6 1-0

[Event "Karposh Open 2015"]
[Site "Skopje MKD"]
[Date "2015.04.03"]
[Round "9.5"]
[White "Kozul, Zdenko"]
[Black "Saduakassova, Dinara"]
[Result "1-0"]
[WhiteElo "2630"]
[BlackElo "2398"]
[PlyCount "91"]
[EventDate "2015.03.27"]
[EventType "swiss"]
[EventRounds "9"]
[EventCountry "MKD"]
[Source "lmi"]
[SourceDate "2015.03.27"]

1. d4 Nf6 2. Nf3 g6 3. c4 Bg7 4. Nc3 d5 5. cxd5 Nxd5 6. e4 Nxc3 7. bxc3 c5 8.
Be3 Qa5 9. Qd2 Nc6 10. Rb1 cxd4 11. cxd4 O-O 12. Bd3 Rd8 13. Qxa5 Nxa5 14. Ke2
b6 15. Rbc1 Bg4 16. d5 e6 17. h3 Bxf3+ 18. Kxf3 Be5 19. Bg5 f6 20. Bh6 exd5 21.
exd5 Nb7 22. g3 Rac8 23. Be3 Nc5 24. Bb5 Kg7 25. Rhd1 Bd6 26. g4 h6 27. Bc6 Nd7
28. Bxd7 Rxc1 29. Rxc1 Rxd7 30. Rc8 h5 31. gxh5 gxh5 32. Ke4 Be7 33. Bf4 Kf7
34. Rc6 Bc5 35. f3 Ke7 36. Bd2 Rd6 37. Bc3 Rxc6 38. dxc6 Kd6 39. Kf5 Kxc6 40.
Kg6 Kd5 41. Kxh5 b5 42. Kg6 b4 43. Bxf6 a5 44. h4 Be3 45. h5 Ke6 46. Bg7 1-0

[Event "Karposh Open 2015"]
[Site "Skopje MKD"]
[Date "2015.04.03"]
[Round "9.6"]
[White "Musat, Adrian"]
[Black "Kazhgaleyev, Murtas"]
[Result "0-1"]
[WhiteElo "2394"]
[BlackElo "2561"]
[PlyCount "66"]
[EventDate "2015.03.27"]
[EventType "swiss"]
[EventRounds "9"]
[EventCountry "MKD"]
[Source "lmi"]
[SourceDate "2015.03.27"]

1. Nf3 d6 2. d4 Nf6 3. c4 g6 4. Nc3 Bf5 5. Bg5 Bg7 6. e3 h6 7. Bh4 g5 8. Bg3
Nh5 9. Bd3 Bc8 10. Nd2 Nxg3 11. hxg3 e6 12. Qe2 Nd7 13. g4 a6 14. Nde4 Qe7 15.
Ng3 Nf6 16. O-O-O Bd7 17. Nce4 c5 18. Nxf6+ Bxf6 19. Be4 cxd4 20. exd4 Rc8 21.
Bxb7 Rc7 22. Bxa6 Ra7 23. Qf3 Rxa6 24. Nh5 Bxd4 25. Rxd4 Bc6 26. Qc3 Rxa2 27.
Rdd1 e5 28. Ng7+ Kf8 29. Nf5 Qa7 30. c5 Qa4 31. Rxd6 Ra1+ 32. Kd2 Rxh1 33. Rxc6
Qd1+ 0-1

[Event "Karposh Open 2015"]
[Site "Skopje MKD"]
[Date "2015.04.03"]
[Round "9.7"]
[White "Nikolovski, Nikola"]
[Black "Miron, Lucian-Costin"]
[Result "1/2-1/2"]
[WhiteElo "2332"]
[BlackElo "2485"]
[PlyCount "160"]
[EventDate "2015.03.27"]
[EventType "swiss"]
[EventRounds "9"]
[EventCountry "MKD"]
[Source "lmi"]
[SourceDate "2015.03.27"]

1. e4 e5 2. Nf3 Nc6 3. d4 exd4 4. Bc4 Bc5 5. c3 Nf6 6. e5 d5 7. Bb5 Ne4 8. cxd4
Bb6 9. h3 O-O 10. Bxc6 bxc6 11. O-O c5 12. Be3 cxd4 13. Nxd4 Qd7 14. Nc3 Nxc3
15. bxc3 c5 16. Nb3 Qc6 17. f4 Bb7 18. Qg4 f5 19. Qf3 Rac8 20. Qf2 Rc7 21. Rfd1
Rfc8 22. Rab1 Qa4 23. Rd2 Qc4 24. Rc2 Qd3 25. Rbb2 h6 26. Kh2 Kh7 27. a4 Qe4
28. a5 d4 29. axb6 dxe3 30. Qg3 Rc6 31. Re2 Rg6 32. Rxe3 Rxg3 33. Rxe4 Rxc3 34.
Ree2 axb6 35. e6 Re8 36. Nd2 b5 37. Nb1 Rc1 38. Re5 b4 39. Nd2 Rd1 40. Rxc5
Rxe6 41. Rb5 Bxg2 42. Kxg2 Re2+ 43. Kg3 Rdxd2 44. Rxd2 Rxd2 45. Rxb4 Rd3+ 46.
Kg2 Rd6 47. Rb5 Kg6 48. Kg3 Kf6 49. Rb8 g5 50. Rf8+ Ke6 51. fxg5 hxg5 52. Re8+
Kf6 53. Rf8+ Ke5 54. Re8+ Re6 55. Rg8 Kf6 56. Rf8+ Kg6 57. Rg8+ Kh6 58. h4
gxh4+ 59. Kxh4 Re3 60. Rg1 Ra3 61. Rg8 Rb3 62. Rg1 Rb4+ 63. Kh3 Kh5 64. Rg8
Rh4+ 65. Kg3 Ra4 66. Kf3 Kh4 67. Rg7 Ra1 68. Kf2 Kh5 69. Rg8 Rb1 70. Rg7 Rb4
71. Kf3 Rb1 72. Kf2 Rb2+ 73. Kf3 Kh4 74. Rg8 Ra2 75. Rg7 Ra1 76. Kf2 Kh3 77.
Rg5 f4 78. Rg8 Ra3 79. Rg7 Rg3 80. Rh7+ Kg4 1/2-1/2

[Event "Karposh Open 2015"]
[Site "Skopje MKD"]
[Date "2015.04.03"]
[Round "9.8"]
[White "Doncea, Vladimir"]
[Black "Nabaty, Tamir"]
[Result "0-1"]
[WhiteElo "2421"]
[BlackElo "2590"]
[PlyCount "52"]
[EventDate "2015.03.27"]
[EventType "swiss"]
[EventRounds "9"]
[EventCountry "MKD"]
[Source "lmi"]
[SourceDate "2015.03.27"]

1. d4 d5 2. c4 dxc4 3. e4 b5 4. b3 e5 5. Nf3 Bg4 6. bxc4 Bxf3 7. gxf3 Bb4+ 8.
Bd2 Bxd2+ 9. Nxd2 b4 10. Qa4+ Qd7 11. Qxb4 Nc6 12. Qc5 Nxd4 13. Qxe5+ Ne7 14.
O-O-O Rd8 15. Qa5 c5 16. Rg1 O-O 17. Bd3 Nec6 18. Qa3 Nb4 19. e5 Kh8 20. Ne4
Qf5 21. Nxc5 Qf4+ 22. Kb1 Nxf3 23. Rg3 Nd2+ 24. Kb2 Nxd3+ 25. Nxd3 Nxc4+ 26.
Kb3 Rxd3+ 0-1

[Event "Karposh Open 2015"]
[Site "Skopje MKD"]
[Date "2015.04.03"]
[Round "9.9"]
[White "Stanojoski, Zvonko"]
[Black "Kraemer, Martin"]
[Result "0-1"]
[WhiteElo "2418"]
[BlackElo "2577"]
[PlyCount "116"]
[EventDate "2015.03.27"]
[EventType "swiss"]
[EventRounds "9"]
[EventCountry "MKD"]
[Source "lmi"]
[SourceDate "2015.03.27"]

1. e4 c5 2. Nf3 d6 3. d4 cxd4 4. Nxd4 Nf6 5. Nc3 a6 6. Be2 e5 7. Nb3 Be7 8. O-O
O-O 9. a4 Be6 10. Bf3 b6 11. Re1 Qc7 12. Nd2 Nc6 13. Nf1 Nd4 14. Be3 Nxf3+ 15.
Qxf3 b5 16. Bg5 b4 17. Na2 a5 18. Ne3 h6 19. Bxf6 Bxf6 20. c4 Bd8 21. b3 g6 22.
Rad1 Qc6 23. Nd5 Kg7 24. Qd3 Ra7 25. Ne3 Rd7 26. Nc1 Bb6 27. Ne2 f6 28. Rf1 Bc5
29. Kh1 Rdf7 30. f4 f5 31. Nd5 fxe4 32. Qxe4 Qc8 33. Ne3 Bxe3 34. Qxe3 Qc5 35.
Qxc5 dxc5 36. g3 Bg4 37. Rd2 g5 38. Kg2 exf4 39. gxf4 Re8 40. Ng1 Rxf4 41. Rxf4
gxf4 42. Rd5 Re3 43. Rxc5 Rxb3 44. Rxa5 Rb2+ 45. Kf1 Rxh2 46. Rb5 Rb2 47. a5 f3
48. a6 f2 49. Rb7+ Kf6 50. a7 fxg1=R+ 51. Kxg1 Ra2 52. c5 b3 53. c6 b2 54. Rxb2
Rxa7 55. Kf2 Rc7 56. Rc2 Bf5 57. Rc4 Be6 58. Rc5 Bf7 0-1